|
|
|
|
| LEADER |
02579nam a2200685 i 4500 |
| 001 |
nkc20203245450 |
| 003 |
CZ PrNK |
| 005 |
20220816102803.0 |
| 007 |
ta |
| 008 |
200904s2020 xr a f 001 0 cze |
| 015 |
|
|
|a cnb003245450
|
| 020 |
|
|
|a 978-80-271-2434-3
|q (vázáno) :
|c Kč 245,00
|
| 035 |
|
|
|a (OCoLC)1344359599
|
| 040 |
|
|
|a ABA001
|b cze
|d BOA001
|e rda
|
| 041 |
0 |
|
|a cze
|b cze
|b eng
|
| 043 |
|
|
|a e-xr---
|
| 072 |
|
7 |
|a 364-1/-7
|x Druhy sociální pomoci a služeb
|2 Konspekt
|9 18
|
| 080 |
|
|
|a 616.831-001
|2 MRF
|
| 080 |
|
|
|a 616.831-005.1
|2 MRF
|
| 080 |
|
|
|a 615.851.3
|2 MRF
|
| 080 |
|
|
|a 615.81/.84
|2 MRF
|
| 080 |
|
|
|a 364-786
|2 MRF
|
| 080 |
|
|
|a 364.69-783.44
|2 MRF
|
| 080 |
|
|
|a 364-78
|2 MRF
|
| 080 |
|
|
|a 364-7
|2 MRF
|
| 080 |
|
|
|a (437.3)
|2 MRF
|
| 080 |
|
|
|a (048.8:082)
|2 MRF
|
| 100 |
1 |
|
|a Vacková, Jitka,
|d 1978-
|7 mzk2008453217
|4 aut
|
| 245 |
1 |
0 |
|a Sociální práce v systému koordinované rehabilitace :
|b u klientů po získaném poškození mozku (zejména CMP) se zvláštním zřetelem na intervenci z hlediska sociální práce, fyzioterapie, ergoterapie a dalších vybraných profesí /
|c Jitka Vacková a kolektiv
|
| 250 |
|
|
|a 1. vydání
|
| 264 |
|
1 |
|a Praha :
|b Grada Publishing,
|c 2020
|
| 300 |
|
|
|a 202 stran :
|b ilustrace ;
|c 25 cm
|
| 336 |
|
|
|a text
|b txt
|2 rdacontent
|
| 337 |
|
|
|a bez média
|b n
|2 rdamedia
|
| 338 |
|
|
|a svazek
|b nc
|2 rdacarrier
|
| 504 |
|
|
|a Obsahuje bibliografie a rejstřík
|
| 546 |
|
|
|a České a anglické resumé
|
| 650 |
0 |
7 |
|a poranění mozku
|7 ph138724
|2 czenas
|
| 650 |
0 |
7 |
|a cévní mozkové příhody
|7 ph114279
|2 czenas
|
| 650 |
0 |
7 |
|a ergoterapie
|7 ph119986
|2 czenas
|
| 650 |
0 |
7 |
|a fyzioterapie
|7 ph120452
|2 czenas
|
| 650 |
0 |
7 |
|a koordinovaná rehabilitace
|7 ph724593
|z Česko
|2 czenas
|
| 650 |
0 |
7 |
|a domácí péče
|7 ph201876
|z Česko
|2 czenas
|
| 650 |
0 |
7 |
|a sociální práce
|7 ph125805
|2 czenas
|
| 650 |
0 |
7 |
|a sociální služby
|7 ph125812
|2 czenas
|
| 650 |
0 |
9 |
|a brain injuries
|2 eczenas
|
| 650 |
0 |
9 |
|a cerebral vascular accidents
|2 eczenas
|
| 650 |
0 |
9 |
|a occupational therapy
|2 eczenas
|
| 650 |
0 |
9 |
|a physiotherapy
|2 eczenas
|
| 650 |
0 |
9 |
|a comprehensive rehabilitation
|z Czechia
|2 eczenas
|
| 650 |
0 |
9 |
|a home care
|z Czechia
|2 eczenas
|
| 650 |
0 |
9 |
|a social work
|2 eczenas
|
| 650 |
0 |
9 |
|a social service
|2 eczenas
|
| 655 |
|
7 |
|a kolektivní monografie
|7 fd501537
|2 czenas
|
| 655 |
|
9 |
|a collective monographs
|2 eczenas
|
| 910 |
2 |
|
|a BOA001
|b 2-1474.984
|
| 990 |
|
|
|a BK
|
| 995 |
|
|
|a 01
|
| 991 |
|
|
|b 202201
|c NOV
|
| 996 |
6 |
|
|b 2610888429
|c 2-1474.984
|l MZK
|r Sklad / do 1 hodiny
|n 1
|p p.v.
|w 001872169
|u 000010
|a 1
|e BOA001
|j MZK50
|s P
|